000 00972nam a22002057a 4500
003 BUBTL
008 230914b ||||| |||| 00| 0 eng d
041 _aben
082 _a343.052/ 2023
245 _aআয়কর আইন, ২০২৩ /
_cগণপ্রজাতন্ত্রী বাংলাদেশ সরকার
260 _aঢাকা:
_bগণপ্রজাতন্ত্রী বাংলাদেশ সরকার, আইন, বিচার ও সংসদ বিষয়ক মন্ত্রনালয়,
_cc2023
300 _axvi, 400 p. :
_c23 cm.
505 _aগণপ্রজাতন্ত্রী বাংলাদেশ সরকার, আয়কর আইন, ২০২৩
526 _aLaw
650 0 _926
_aLaw
700 _95468
_aগণপ্রজাতন্ত্রী বাংলাদেশ সরকার
856 _k0
_l0
_yDownload
942 _2ddc
_cBK
999 _c7092
_d7092